Exclaves and Enclaves (Click Map) - Statistics

General Stats
  • This quiz has been taken 397 times
  • The average score is 13 of 17
Answers on the Map
Answers color-coded by a green-red scale on the quiz's map according to % correct below.
 
Answer Stats
Answer % Correct
Alaska
98%
Lesotho
94%
Vatican City
94%
French Guiana
93%
Gibraltar
92%
Kaliningrad
92%
San Marino
92%
Campione d'Italia
84%
Büsingen am Hochrhein
80%
Baarle-Hertog
77%
Ceuta
75%
Melilla
74%
Nakhchivan
67%
Musandam
66%
Cabinda
58%
Temburong
51%
Oecussi-Ambeno
41%
No matching quizzes found
Score Distribution
Percent of People with Each Score
Percentile by Number Answered
Your Score History
You have not taken this quiz